| 000 | 01837nam a2200337 i 4500 | ||
|---|---|---|---|
| 003 | DO-SdBNP | ||
| 005 | 20250626115315.0 | ||
| 007 | ta | ||
| 008 | 110301s2011 dr ado 000 0 spa d | ||
| 040 |
_aDO-SdBNP _bspa _cBNPHU _erda |
||
| 041 | _aspa | ||
| 082 | 4 |
_a374.013 _bI59t _222 |
|
| 110 | 2 |
_aInstituto de Formación Técnico Profesional (República Dominicana) _982961 |
|
| 245 | 1 | 0 |
_a30 años de historias de triunfo / _cdirectora general del INFOTEP Josefina Pimentel ; fotografías, Diego Rojas |
| 246 | _aTreinta años de historias de triunfo / | ||
| 264 | 1 |
_aSanto Domingo, República Dominica : _bINFOTEP, _c2011. |
|
| 300 |
_a171 páginas : _bilustraciones, gráficas, fotografías ; _c32 cm. |
||
| 336 |
_atexto _btxt _2rdacontent |
||
| 337 |
_asin mediación _bn _2rdamedia |
||
| 338 |
_avolumen _bnc _2rdacarrier |
||
| 505 |
_tPalabras de la Directora General del INFOTEP -- _tMiembros de la Junta de Directores -- _tAntecedentes y orígenes -- _t|Estrategias iniciales -- _tGestión de la calidad -- _tLa formación y la capacitación del capital humano -- _tINFOTEP y la productividad nacional -- _tAlianzas y convenios locales -- _tINFOTEP y las relaciones internacionales -- _tINFOTEP frente al futuro -- _tLos directores del INFOTEP y las huellas de sus gestiones |
||
| 590 | _aInventariado, 2022/ YL | ||
| 610 | 2 | 4 |
_aInstituto de Formación Técnico Profesional (República Dominicana) _982976 |
| 650 | 4 |
_aCentros de capacitación _xRepública Dominicana _982962 |
|
| 650 | 4 |
_aEducación técnológica _xRepública Dominicana _982963 |
|
| 650 | 4 |
_aInstituto de Formación Técnico Profesional _xRepública Dominicana _982964 |
|
| 700 | 1 | 2 |
_aPimentel, Josefina _edirectora general _95745 _4dir. |
| 700 | 1 | 2 |
_aRojas, Diego _efotografo _4fot. _983675 |
| 910 | _aYLockward/Validado. Control de calidad MFF | ||
| 942 |
_2ddc _cLBS1 |
||
| 999 |
_c53050 _d53050 |
||